Catálogo público

Cuentos extraordinarios / (Record no. 177275)

MARC details
000 -CABECERA
campo de control de longitud fija 01340nam a2200361Ia 4500
001 - NÚMERO DE CONTROL
campo de control dia_6067
003 - IDENTIFICADOR DEL NÚMERO DE CONTROL
campo de control CHAP
005 - FECHA Y HORA DE LA ÚLTIMA TRANSACCIÓN
campo de control 20230607132418.0
008 - DATOS DE LONGITUD FIJA--INFORMACIÓN GENERAL
campo de control de longitud fija 220117s2012 xx 000 0 und d
010 ## - NÚMERO DE CONTROL DE LA BIBLIOTECA DEL CONGRESO
Número de control de LC 177275
020 ## - NÚMERO INTERNACIONAL ESTÁNDAR DEL LIBRO
Número Internacional Estándar del Libro 978-84-9921-260-9
040 ## - FUENTE DE LA CATALOGACIÓN
Centro/agencia transcriptor CHAP
082 ## - NÚMERO DE LA CLASIFICACIÓN DECIMAL DEWEY
Número de clasificación 808.831 P64 C84 2012
100 ## - ENTRADA PRINCIPAL--NOMBRE DE PERSONA
Nombre de persona Poe, Edgar Allan
9 (RLIN) 89484
245 ## - MENCIÓN DE TÍTULO
Título Cuentos extraordinarios /
Mención de responsabilidad, etc. Edgar Allan Poe ; traducción Vicente López Folgado
260 ## - PUBLICACIÓN, DISTRIBUCIÓN, ETC.
Lugar de publicación, distribución, etc. España :
Nombre del editor, distribuidor, etc. Octaedro,
Fecha de publicación, distribución, etc. 2012
300 ## - DESCRIPCIÓN FÍSICA
Extensión 234 p.
440 ## - MENCIÓN DE SERIE/PUNTO DE ACCESO ADICIONAL--TÍTULO
Título Biblioteca básica. Serie Clásicos universales ; 33
9 (RLIN) 160740
503 ## - NOTA DE HISTORIA BIBLIOGRÁFICA (BK CF MU) [OBSOLETO]
Nota de historia bibliográfica C.
505 ## - NOTA DE CONTENIDO CON FORMATO
Nota de contenido con formato El barril de amontillado \ 2. El pozo y el péndulo \ 3. El gato negro \ 4. El escarabajo de oro \ 5. El corazón delator \ 6. La carta robada \ 7. Ligeia \ 8. La caída de la Casa Usher \ 9. La verdad del caso de Mr. Valdemar
590 ## - NOTA LOCAL (RLIN)
Nota local PZ3.P752 C84 2012
650 #0 - PUNTO DE ACCESO ADICIONAL DE MATERIA--TÉRMINO DE MATERIA
Término de materia o nombre geográfico como elemento de entrada American literature
Subdivisión general
Subdivisión cronológica 19th century
9 (RLIN) 160741
650 ## - PUNTO DE ACCESO ADICIONAL DE MATERIA--TÉRMINO DE MATERIA
Término de materia o nombre geográfico como elemento de entrada Cuentos
9 (RLIN) 30096
650 ## - PUNTO DE ACCESO ADICIONAL DE MATERIA--TÉRMINO DE MATERIA
Término de materia o nombre geográfico como elemento de entrada Horror stories
9 (RLIN) 160742
650 #0 - PUNTO DE ACCESO ADICIONAL DE MATERIA--TÉRMINO DE MATERIA
Término de materia o nombre geográfico como elemento de entrada Literatura americana
Subdivisión cronológica Siglo XIX
9 (RLIN) 160743
650 ## - PUNTO DE ACCESO ADICIONAL DE MATERIA--TÉRMINO DE MATERIA
Término de materia o nombre geográfico como elemento de entrada Stories
9 (RLIN) 152742
650 ## - PUNTO DE ACCESO ADICIONAL DE MATERIA--TÉRMINO DE MATERIA
Término de materia o nombre geográfico como elemento de entrada Terror
9 (RLIN) 160744
700 ## - PUNTO DE ACCESO ADICIONAL--NOMBRE DE PERSONA
Nombre de persona López Folgado, Vicente, tr.
9 (RLIN) 160745
901 ## - ELEMENTOS DE DATOS A LOCAL LDA (RLIN)
a 808.831 P64 C84 2012
902 ## - ELEMENTOS DE DATOS B LOCAL, LDB (RLIN)
a A
905 ## - ELEMENTOS DE DATOS E LOCAL, LDE (RLIN)
a 5232272012 sp x 9222223332spa16
942 ## - ELEMENTOS DE PUNTO DE ACCESO ADICIONAL (KOHA)
Tipo de ítem Koha Libro
Fuente del sistema de clasificación o colocación Dewey Decimal Classification
Holdings
Estado de retiro Estado de pérdida Fuente del sistema de clasificación o colocación Estado dañado No para préstamo Código de colección Localización permanente Ubicación/localización actual Fecha de adquisición Información codificada de la localización en otra ubicación Total de préstamos Signatura topográfica completa Código de barras Fecha visto por última vez Número de copia Precio válido a partir de Tipo de ítem Koha
    Dewey Decimal Classification     General Ingenieria Agroindustrial Ingenieria Agroindustrial 18/01/2022 1   808.831 P64 C84 2012 dia_009642 18/01/2022 1 18/01/2022 Libro